|
|
|
|
| LEADER |
00774nam a2200205Ia 4500 |
| 001 |
CTU_91207 |
| 008 |
210402s9999 xx 000 0 und d |
| 082 |
|
|
|a 339.2
|
| 082 |
|
|
|b H873
|
| 100 |
|
|
|a Hsia, Ronald
|
| 245 |
|
0 |
|a Industrialisation, employment, and income distribution :
|
| 245 |
|
2 |
|b a case study of Hong Kong : a study prepared for the International Labour Office within the framework of the Research Programme on Income Distribution and Employment of the World Employment Programme
|
| 245 |
|
0 |
|c Ronald Hsia, Laurence Chau
|
| 260 |
|
|
|a London
|
| 260 |
|
|
|b Croom Helm
|
| 260 |
|
|
|c 1978
|
| 650 |
|
|
|a Income distribution,Industrialization
|
| 650 |
|
|
|z Hong Kong,Hong Kong
|
| 904 |
|
|
|i Nguyên
|
| 980 |
|
|
|a Trung tâm Học liệu Trường Đại học Cần Thơ
|